| 000 | 02137cam a22006134i 4500 | ||
|---|---|---|---|
| 003 | PE-LiUPU | ||
| 005 | 20250731170420.0 | ||
| 008 | 180309s2017 ne 0 rb 001 0 eng d | ||
| 020 | _a9789004338494 | ||
| 035 | _a(Sirsi) a241493 | ||
| 040 |
_aPE-LiUPU _bspa _cPE-LiUPU _erda |
||
| 049 | _aPRUA | ||
| 082 | 0 | 4 |
_a133.42 _bB81 _223 |
| 100 | 1 |
_aBradnick, David, _eautor. |
|
| 245 | 1 | 0 |
_aEvil, spirits and possession : _ban emergentist theology of the demonic / _cDavid Bradnick. |
| 264 | 1 |
_aLeiden : _bBrill, _c2017. |
|
| 300 |
_aXIII, 223 páginas ; _c24 centímetros. |
||
| 336 |
_atext _2rdacontent |
||
| 337 |
_aunmediated _2rdamedia |
||
| 338 |
_avolume _2rdacarrier |
||
| 490 | 0 |
_aGlobal pentecostal and charismatic studies ; _v25 |
|
| 504 | _aBibliografía : páginas 277-314. | ||
| 504 | _aIndice : páginas 315-323. | ||
| 505 | 0 | _aIntroduction: discerning the spirits -- Demonology in the patristic and medieval eras -- The demonic according to the early and classical modern eras -- Late modern theologies of the demonic -- The demonic and the Social Sciences -- Causality in philosophy and science: toward an ontology of the demonic -- Emergence theory and the demonic -- The demonic in the bible: an emergentist perspective. | |
| 526 | _aSEG68 | ||
| 526 | _aSEG70 | ||
| 526 | _aSEG69 | ||
| 526 | _aSEG67 | ||
| 526 | _aSEG43 | ||
| 526 | _aP144 | ||
| 526 | _aP143 | ||
| 526 | _aP131 | ||
| 526 | _aP122 | ||
| 526 | _aP120 | ||
| 526 | _aP117 | ||
| 526 | _aP112 | ||
| 526 | _aP110 | ||
| 526 | _aP106 | ||
| 526 | _aP101 | ||
| 526 | _aP80 | ||
| 526 | _aP59 | ||
| 526 | _aP54 | ||
| 526 | _aP35 | ||
| 526 | _aP33 | ||
| 526 | _aP30 | ||
| 650 | 0 | 4 | _aDemonology. |
| 650 | 0 | 4 |
_aDemonología. _94174 |
| 910 |
_adbm _bksl _cksl _d20180309 |
||
| 942 |
_2ddc _cBOOK |
||
| 994 |
_aC0 _bPEPRU |
||
| 596 | _a1 | ||
| 999 |
_a133.42 B81 _wLC _c27119 _i78470 _d27119 _f2021-11-9 _g4 _lCCODEBUL1 _mBUL _p42.00 _q2 _r0 _sY _tBOOK _u2018-3-9 _xTEOLOGIA _PP35 _0COMPRA _1FCOMPRA _o.STAFF. Colección Teología |
||
| 980 |
_81 _gALBERTO SANCHEZ Responsable de Automatización |
||